00358nam a22001337a 450000500170000000800410001704100120005808200120007010000120008224500300009426000470012430000280017165000250019920240805122343.0240805b |||||||| |||| 00| 0 eng d aEnglish a349 SOU lEnglish aSouth African Law Reports aCape Town: bJuta and Company Ltd, c1929  bx, 220 pages; c25 cm.  aLegal practice bLaw